Statistics for Biggest Cities in Florida in 1900

Click here to take the quiz!

General Stats

  • This quiz has been taken 18 times
  • The average score is 11 of 20

Answer Stats

PopulationAnswer% Correct
28,429Jacksonville
100%
1,681Miami
100%
2,981Tallahassee
100%
15,839Tampa
100%
2,481Orlando
94%
1,575St. Petersburg
89%
17,747Pensacola
83%
3,633Gainesville
72%
17,114Key West
72%
1,690Daytona Beach
61%
4,272St. Augustine
56%
3,380Ocala
50%
4,013Lake City
39%
3,245Fernandina Beach
28%
3,301Palatka
28%
1,659Live Oak
17%
1,983Bartow
11%
2,355West Tampa
11%
3,077Apalachicola
6%
1,562High Springs
0%

Score Distribution

Percentile by Number Answered

Percent of People with Each Score

Your Score History

You have not taken this quiz